|
|
|
|
| LEADER |
00000nab a2200000 ar4500 |
| 001 |
vtls010106268 |
| 003 |
SK-MaSNL |
| 005 |
20260303200824.0 |
| 008 |
100615c2010 xo mr|p|||a |000 b|slo |
| 015 |
|
|
|a SNBRB2010/06
|
| 038 |
|
|
|a SPK
|
| 040 |
|
|
|a SPKCL
|b slo
|c AACR2
|e AACR2
|
| 041 |
0 |
|
|a slo
|b slo
|
| 044 |
|
|
|a xo
|c SK
|
| 072 |
|
7 |
|a 371
|x Školstvo (organizácia)
|2 konspekt
|
| 072 |
|
7 |
|a 37
|x Výchova a vzdelávanie
|2 konspekt
|
| 080 |
|
|
|a 371.113
|2 2001
|
| 080 |
|
|
|a 37.014.15
|2 2001
|
| 100 |
1 |
|
|a Harkabus, Štefan
|4 aut
|9 19631
|
| 245 |
1 |
0 |
|a Zodpovednosť riaditeľa školy za uplatnenie školských zákonov v praxi
|b najviac zodpovednosti má riaditeľ
|c Štefan Harkabus
|
| 546 |
|
|
|a Res. slov.
|
| 650 |
0 |
7 |
|a riaditelia škôl
|2 snkbucl
|9 26287
|
| 650 |
0 |
7 |
|a školské zákony
|2 snkbucl
|9 573676
|
| 773 |
0 |
|
|t Manažment školy : odborný mesačník pre manažment škôl, školských a predškolských zariadení
|g Roč. 5, č. 5 (2010), s. 13-22
|x 1336-9849
|
| 852 |
|
|
|a SPK
|b KIS3GCP
|
| 999 |
|
|
|c 2169925
|d 2171855
|